Fr. Conceicao Rodrigues College of Engineering

Getting started with Matlab 7 (Record no. 32763)

MARC details
000 -LEADER
fixed length control field 00358nam a2200169Ia 4500
082 ## - DEWEY DECIMAL CLASSIFICATION NUMBER
Classification number 005.131/PRA
Item number PRA
100 ## - MAIN ENTRY--PERSONAL NAME
Personal name Pratap/Rudra
245 ## - TITLE STATEMENT
Title Getting started with Matlab 7
260 ## - PUBLICATION, DISTRIBUTION, ETC.
Name of publisher, distributor, etc. Oxford university press
Date of publication, distribution, etc. 2006
366 ## - TRADE AVAILABILITY INFORMATION
Publishers's discount category 20
300 ## - PHYSICAL DESCRIPTION
Extent 244
546 ## - LANGUAGE NOTE
Language note ENGLISH
650 ## - SUBJECT ADDED ENTRY--TOPICAL TERM
Topical term or geographic name entry element Matlab
654 ## - SUBJECT ADDED ENTRY--FACETED TOPICAL TERMS
Focus term matlab 7
942 ## - ADDED ENTRY ELEMENTS (KOHA)
Koha item type BOOK
Holdings
Withdrawn status Lost status Damaged status Not for loan Collection Home library Current library Date acquired Source of acquisition Cost, normal purchase price Inventory number Total Checkouts Full call number Barcode Date last seen Date last checked out Cost, replacement price Price effective from Koha item type
        CRC Fr. Agnel's C.Rodrigues College of Engineering AGNEL TECHNICAL COLLEGE LIBRARY 17/03/2023 Dharma Enterprises 120.00 298 dt 28/04/2009 1 005.131/PRA PRA 19635 20/12/2025 16/10/2025 150.00   BOOK
        CRC Fr. Agnel's C.Rodrigues College of Engineering Fr. Agnel's C.Rodrigues College of Engineering 17/03/2023 Dharma Enterprises 120.00 298 dt 28/04/2009   005.131/PRA PRA 19636 17/03/2023   150.00   BOOK
        CRC Fr. Agnel's C.Rodrigues College of Engineering Fr. Agnel's C.Rodrigues College of Engineering 17/03/2023 Dharma Enterprises 120.00 298 dt 28/04/2009   005.131/PRA PRA 19637 17/03/2023   150.00   BOOK
        CRC Fr. Agnel's C.Rodrigues College of Engineering Fr. Agnel's C.Rodrigues College of Engineering 17/03/2023 Dharma Enterprises 120.00 298 dt 28/04/2009   005.131/PRA PRA 19638 17/03/2023   150.00   BOOK
        CRC Fr. Agnel's C.Rodrigues College of Engineering Fr. Agnel's C.Rodrigues College of Engineering 17/03/2023 Dharma Enterprises 120.00 298 dt 28/04/2009   005.131/PRA PRA 19639 17/03/2023   150.00   BOOK